| 000 | 00978nam a22002897a 4500 | ||
|---|---|---|---|
| 003 | CHAP | ||
| 005 | 20220329135700.0 | ||
| 008 | 971013s1992 r 10010 d | ||
| 010 | _a40494 | ||
| 011 | _a41466 | ||
| 035 | _a45592 | ||
| 040 | _cCHAP | ||
| 082 |
_a631.063 _bA8 1992 |
||
| 111 | 0 | 0 |
_aAsociación Mexicana de Ingeniería Agrícola. Congreso Nacional ( _n2 _d: 1992 _c: Irapuato, Gto.) _98049 |
| 245 | _aMemoria | ||
| 260 |
_aIrapuato, Gto. : _bUniversidad de Guanajuato, _c1992 |
||
| 300 | _ac.a. 219 p. | ||
| 500 | _aTítulo paralelo : Congreso Nacional de Ingeniería Agrícola | ||
| 590 |
_aBATCH-UPD _b10 _c20130110 _lUCH01 _h2020 |
||
| 590 |
_aBATCH-UPD _b10 _c20130410 _lUCH01 _h1338 |
||
| 590 |
_aBATCH-UPD _b10 _c20130914 _lUCH01 _h0609 |
||
| 590 |
_aCONVERSION _b10 _c20130109 _lUCH01 _h1322 |
||
| 650 | 1 | 4 |
_aIngeniería agrícola _xCongresos. _958198 |
| 901 | _aBK | ||
| 942 | _cLIBRO | ||
| 949 |
_a631.063 A8 1992 _bBC _cCONG _d-104122 _eCONG _h88161 _i45592 _mD _si |
||
| 999 |
_c40494 _d40494 |
||